Tales of crime and detection

This popular series of readers has now been completely revised and updated, using a new syllabus and new word structure lists. Readability has been ensured by means of specially designed computer software. Words that are above level but essential to the story are explained within the text, illustrat...

وصف كامل

محفوظ في:
التفاصيل البيبلوغرافية
التنسيق: كتاب
اللغة:Undetermined
منشور في: Oxford Oxford University Press 1992
الموضوعات:
الوسوم: إضافة وسم
لا توجد وسوم, كن أول من يضع وسما على هذه التسجيلة!
Thư viện lưu trữ: Trung tâm Học liệu Trường Đại học Cần Thơ
LEADER 00869nam a2200205Ia 4500
001 CTU_42346
008 210402s9999 xx 000 0 und d
020 |b 39.000đ 
020 |c 5.95 
082 |a 813.54 
082 |b T143 
245 0 |a Tales of crime and detection 
245 0 |c Edited by David Foulds 
260 |a Oxford 
260 |b Oxford University Press 
260 |c 1992 
520 |a This popular series of readers has now been completely revised and updated, using a new syllabus and new word structure lists. Readability has been ensured by means of specially designed computer software. Words that are above level but essential to the story are explained within the text, illustrated, and then reused for maximum reinforcement. 
650 |a Short stories, American 
650 |x Readers 
980 |a Trung tâm Học liệu Trường Đại học Cần Thơ